Small construction firms safety seminars (Record no. 71137)
[ view plain ]
| 000 -LEADER | |
|---|---|
| fixed length control field | 01080cam a2200193 4500 |
| 001 - CONTROL NUMBER | |
| control field | WB3833-05 |
| 008 - FIXED-LENGTH DATA ELEMENTS--GENERAL INFORMATION | |
| fixed length control field | 020911n2002 000 0 eng u |
| 035 ## - SYSTEM CONTROL NUMBER | |
| System control number | (Sirsi) u119665 |
| 245 ## - TITLE STATEMENT | |
| Title | Small construction firms safety seminars |
| 260 ## - PUBLICATION, DISTRIBUTION, ETC. | |
| Date of publication, distribution, etc. | 2002 |
| 490 ## - SERIES STATEMENT | |
| Series statement | HSE News Release |
| Volume/sequential designation | (E174:02) 10September 2002 (2) |
| 520 ## - SUMMARY, ETC. | |
| Summary, etc. | Small contractors and self-employed people in the construction industry must put health and safety at the top of the agenda. This theme is central to a series of seminars launched by the Working Well Together (WWT) partnership made up of employers, suppliers, safety professionals and the Health and Safety Executive (HSE). Provisional figures for 2001/2002 show 79 fatalities in the industry with falls from height being the most common cause. http://213.38.88.195/coi/coipress.nsf/567e3dc25f61661580256ae8003b4907/3a81e06d4972feef80256c300050869e?OpenDocument |
| 590 ## - LOCAL NOTE (RLIN) | |
| Local note | WB |
| 650 ## - SUBJECT ADDED ENTRY--TOPICAL TERM | |
| Topical term or geographic name entry element | HEALTH AND SAFETY |
| 9 (RLIN) | 6244 |
| 650 ## - SUBJECT ADDED ENTRY--TOPICAL TERM | |
| Topical term or geographic name entry element | CONSTRUCTION INDUSTRY |
| 650 ## - SUBJECT ADDED ENTRY--TOPICAL TERM | |
| Topical term or geographic name entry element | SITE SAFETY |
| 690 ## - LOCAL SUBJECT ADDED ENTRY--TOPICAL TERM (OCLC, RLIN) | |
| Topical term or geographic name as entry element | BUILT ENVIRONMENT-BUILDING STANDARDS |
| 942 ## - ADDED ENTRY ELEMENTS (KOHA) | |
| Suppress in OPAC | 0 |
| Withdrawn status | Lost status | Source of classification or shelving scheme | Damaged status | Not for loan | Home library | Current library | Shelving location | Date acquired | Total Checkouts | Full call number | Barcode | Date last seen | Copy number | Price effective from | Koha item type |
|---|---|---|---|---|---|---|---|---|---|---|---|---|---|---|---|
| Dewey Decimal Classification | London | London | News article | 11/09/2002 | WB3833-05 | 119665-1001 | 06/08/2019 | 1 | 06/08/2019 | News article |